000 00266 a2200121 4500
001 84993
082 _a372.64 ZUL
090 _c40085
_d40084
100 _aZulfikar Ghose
245 _aIn the Ring of Pure Light
260 _aUK
_bOxford
_c2009
300 _axiv 154
942 _acaenust
_k372.64 ZUL
999 _c320066
_d320066